<?xml version="1.0" encoding="UTF-8"?><?xml-stylesheet type="text/xsl" href="static/style.xsl"?><OAI-PMH xmlns="http://www.openarchives.org/OAI/2.0/" xmlns:xsi="http://www.w3.org/2001/XMLSchema-instance" xsi:schemaLocation="http://www.openarchives.org/OAI/2.0/ http://www.openarchives.org/OAI/2.0/OAI-PMH.xsd"><responseDate>2026-04-19T02:34:04Z</responseDate><request verb="GetRecord" identifier="oai:riubu.ubu.es:10259/7880" metadataPrefix="marc">https://riubu.ubu.es/oai/request</request><GetRecord><record><header><identifier>oai:riubu.ubu.es:10259/7880</identifier><datestamp>2023-10-18T00:05:11Z</datestamp><setSpec>com_10259_7859</setSpec><setSpec>com_10259_5086</setSpec><setSpec>com_10259_2604</setSpec><setSpec>com_10259_3725</setSpec><setSpec>com_10259_4734</setSpec><setSpec>col_10259_7860</setSpec><setSpec>col_10259_3726</setSpec><setSpec>col_10259_4735</setSpec></header><metadata><record xmlns="http://www.loc.gov/MARC21/slim" xmlns:doc="http://www.lyncode.com/xoai" xmlns:xsi="http://www.w3.org/2001/XMLSchema-instance" xmlns:dcterms="http://purl.org/dc/terms/" xsi:schemaLocation="http://www.loc.gov/MARC21/slim http://www.loc.gov/standards/marcxml/schema/MARC21slim.xsd">
<leader>00925njm 22002777a 4500</leader>
<datafield tag="042" ind1=" " ind2=" ">
<subfield code="a">dc</subfield>
</datafield>
<datafield tag="720" ind1=" " ind2=" ">
<subfield code="a">Cuesta Gómez, José Luis</subfield>
<subfield code="e">author</subfield>
</datafield>
<datafield tag="720" ind1=" " ind2=" ">
<subfield code="a">Fuente Anuncibay, Raquel de la</subfield>
<subfield code="e">author</subfield>
</datafield>
<datafield tag="720" ind1=" " ind2=" ">
<subfield code="a">Ortega Camarero, María Teresa</subfield>
<subfield code="e">author</subfield>
</datafield>
<datafield tag="260" ind1=" " ind2=" ">
<subfield code="c">2019-04</subfield>
</datafield>
<datafield tag="520" ind1=" " ind2=" ">
<subfield code="a">La evolución en las oportunidades de inclusión social se encuentra relacionada con los cambios producidos en la concepción de la discapacidad que aporta el modelo social, y la importancia de considerar los entornos como aliados  en el ejercicio efectivo de los derechos de las personas. En este artículo se aborda la nueva definición de discapacidad intelectual y  del  desarrollo,  ya  plenamente  integrada  en  los  programas,  las  políticas  y  las  prácticas  e  intervenciones  en  el  campo  específico  de  la  discapacidad  intelectual, así como la manera en que las organizaciones del tercer sector de la discapacidad en España están enfrentándose a los retos de cambio que exige una nueva manera de incluir a la discapacidad intelectual, que parte de los deseos y proyectos de vida de cada persona.</subfield>
</datafield>
<datafield tag="520" ind1=" " ind2=" ">
<subfield code="a">The evolution in their opportunities for social inclusion is intimately related to advances in research, but also and especially with the changes produced in the conception of disability that the social model provides, and the importance of considering environments as essential allies in the effective exercise of the rights of the people. In this article we collect the new definition of intellectual disability and development, already fully integrated into the programs, policies and practices and  interventions  in  this  specific  field  of  disability.  And  we  look  at  how  organizations of the third sector of disability in Spain are facing the challenges of change demanded by a new way of including intellectual disability, based on the wishes and life projects of each person.</subfield>
</datafield>
<datafield tag="024" ind2=" " ind1="8">
<subfield code="a">2219-1631</subfield>
</datafield>
<datafield tag="024" ind2=" " ind1="8">
<subfield code="a">http://hdl.handle.net/10259/7880</subfield>
</datafield>
<datafield ind1=" " ind2=" " tag="653">
<subfield code="a">Discapacidad intelectual</subfield>
</datafield>
<datafield ind1=" " ind2=" " tag="653">
<subfield code="a">Modelo social</subfield>
</datafield>
<datafield ind1=" " ind2=" " tag="653">
<subfield code="a">Inclusión</subfield>
</datafield>
<datafield ind1=" " ind2=" " tag="653">
<subfield code="a">Sociología</subfield>
</datafield>
<datafield ind1=" " ind2=" " tag="653">
<subfield code="a">Intellectual disability</subfield>
</datafield>
<datafield ind1=" " ind2=" " tag="653">
<subfield code="a">Social model</subfield>
</datafield>
<datafield ind1=" " ind2=" " tag="653">
<subfield code="a">Inclusion</subfield>
</datafield>
<datafield ind1=" " ind2=" " tag="653">
<subfield code="a">Sociology</subfield>
</datafield>
<datafield tag="245" ind1="0" ind2="0">
<subfield code="a">Discapacidad intelectual: una interpretación en el marco del modelo social de la discapacidad</subfield>
</datafield>
</record></metadata></record></GetRecord></OAI-PMH>